000 00568nam a2200193Ia 4500
003 GCL
008 140319s9999 xx 000 0 ara d
040 _aGCL /
_cGCL
082 0 4 _a239.7
_bع س
100 1 _aعائشة عبدالرحمن
245 1 0 _aسيرات بيت النبوة رضى /
_cعائشة عبدالرحمن
260 _a[S.N] :
_bدار الريان للتراث ،
_c1988
300 _a990 ص
490 _a
650 0 4 _aالسيرة النبوية
650 0 4 _aنساء النبى
650 0 4 _aبنات النبى(ص)
942 _2ddc
_cBK
999 _c49738
_d49738